000 00512nam a2200181Ia 4500
003 GCL
008 140319s9999 xx 000 0 ara d
040 _aGCL /
_cGCL
082 0 4 _a819
_bز ن
100 1 _aزكى مبارك
245 1 0 _aالنثر الفنى فى القرن الرابع ج1? /
_cزكى مبارك
300 _a447 ص
490 _a
650 0 4 _aالادب العربى
650 0 4 _aالنثر العربى
650 0 4 _aالدولة العباسية الثانية
942 _2ddc
_cBK
999 _c39574
_d39574